00308nam a2200121Ia 450000500170000000800410001708200130005810000180007124500240008926000350011330000130014850000250016120250401084159.0240331s9999 xx 000 0 und d bTHIa894 aThilagavathy, 0aNilavukkul sooriyan aChennaibAlaikal Achagamc1992 a151 p ., aA Tamil Social Novel